Demanding justice in the global South: claiming rights (Record no. 8894)
[ view plain ]
| 000 -LEADER | |
|---|---|
| fixed length control field | 00527nam a2200193Ia 4500 |
| 020 ## - INTERNATIONAL STANDARD BOOK NUMBER | |
| ISBN | 9783319388205 |
| 082 ## - DEWEY DECIMAL CLASSIFICATION NUMBER | |
| Classification number | 340.11 DEM- |
| 245 #0 - TITLE STATEMENT | |
| Title | Demanding justice in the global South: claiming rights |
| 260 ## - PUBLICATION, DISTRIBUTION, ETC. (IMPRINT) | |
| Place of publication | Cham |
| Name of publisher | Palgrave Macmillan |
| Year of publication | 2017 |
| 300 ## - PHYSICAL DESCRIPTION | |
| Number of Pages | xv, 210p |
| 440 ## - SERIES STATEMENT/ADDED ENTRY--TITLE | |
| Title | Development, justice and citizenship |
| 504 ## - BIBLIOGRAPHY, ETC. NOTE | |
| Bibliography, etc | includes index |
| 650 ## - SUBJECT ADDED ENTRY--TOPICAL TERM | |
| Topical Term | Human rights |
| Form subdivision | legal aspects |
| 650 ## - SUBJECT ADDED ENTRY--TOPICAL TERM | |
| Topical Term | Social justice |
| 650 ## - SUBJECT ADDED ENTRY--TOPICAL TERM | |
| Topical Term | Justice |
| 650 ## - SUBJECT ADDED ENTRY--TOPICAL TERM | |
| Topical Term | Employee rights |
| 700 ## - ADDED ENTRY--PERSONAL NAME | |
| Personal name | Jean Grugel...[et al.] |
| 942 ## - ADDED ENTRY ELEMENTS (KOHA) | |
| Koha item type | Books |
| Withdrawn status | Lost status | Damaged status | Not for loan | Home library | Current library | Date acquired | Source of acquisition | Bill Date | Full call number | Accession Number | Price effective from | Koha item type |
|---|---|---|---|---|---|---|---|---|---|---|---|---|
| NASSDOC Library | NASSDOC Library | 28/03/2017 | OP | 2017-03-21 | 340.11 DEM- | 49178 | 18/04/2019 | Books |
